Normal view
MARC view
- Prensa y política
Entry Término temático
001 - NÚMERO DE CONTROL
- campo de control: 6456
003 - IDENTIFICADOR DEL NÚMERO DE CONTROL
- campo de control: ES-StUEA
005 - FECHA Y HORA DE LA ÚLTIMA TRANSACCIÓN
- campo de control: 20260306110413.0
008 - DATOS DE LONGITUD FIJA
- campo de control de longitud fija: 260306|| aca||aabn | a|a d
040 ## - FUENTE DE LA CATALOGACIÓN
- Centro catalogador/agencia de origen: ES-StUEA
- Centro/agencia transcriptor: ES-StUEA
150 ## - ENCABEZAMIENTO--TÉRMINO DE MATERIA
- Término de materia o nombre geográfico como elemento de entrada: Prensa y política
- Subdivisión geográfica: España
- Subdivisión de forma: Historia
670 ## - FUENTE DE DATOS ENCONTRADOS
- Cita de la fuente: Work cat.: (ES-StUEA)0: Fuentes, Juan Francisco 6454, Historia del periodismo español :, D.L. 1997